Southville International School and Colleges
Your cart is empty.
  • Cart
  • Lists
    Public lists Eva Luna New books Lux_list list_1
    Your lists Log in to create your own lists
  • Log in to your account
  • Your cookies
  • Search history
Southville International School and Colleges
  • Advanced search
  • Recent comments
  • Most popular
  • Libraries

Log in to your account

Log in with GOOGLE


If you do not have an external account, but do have a local account, you can still log in:

  1. Home
  2. MARC view: The legend of sleepy hollow
Normal view MARC view ISBD view

The legend of sleepy hollow (Record no. 366695)

[ view plain ]
MARC details
000 -LEADER
fixed length control field 00597nam a22002057a 4500
003 - CONTROL NUMBER IDENTIFIER
control field 0
005 - DATE AND TIME OF LATEST TRANSACTION
control field 20241112150647.0
008 - FIXED-LENGTH DATA ELEMENTS--GENERAL INFORMATION
fixed length control field 241112b xxu||||| |||| 00| 0 eng d
020 ## - INTERNATIONAL STANDARD BOOK NUMBER
International Standard Book Number 978-0-545-82389-0
082 ## - DEWEY DECIMAL CLASSIFICATION NUMBER
Classification number FIC
Item number M398 2001
100 ## - MAIN ENTRY--PERSONAL NAME
Personal name Mason, Jane
245 ## - TITLE STATEMENT
Title The legend of sleepy hollow
Statement of responsibility, etc Jane Mason.
260 ## - PUBLICATION, DISTRIBUTION, ETC. (IMPRINT)
Place of publication, distribution, etc New York :
Name of publisher, distributor, etc Scholastic Inc.,
Date of publication, distribution, etc c2001.
300 ## - PHYSICAL DESCRIPTION
Extent 66 p. ;
Dimensions 20 cm.
440 ## - SERIES STATEMENT/ADDED ENTRY--TITLE
Title Scholastic junior classics.
500 ## - GENERAL NOTE
General note Retold from Washington Irving.
650 ## - SUBJECT ADDED ENTRY--TOPICAL TERM
Topical term or geographic name as entry element Ghosts
Form subdivision Fiction
650 ## - SUBJECT ADDED ENTRY--TOPICAL TERM
Geographic subdivision New York (State)
Topical term or geographic name as entry element History
Chronological subdivision 1775-1865
Form subdivision Fiction
942 ## - ADDED ENTRY ELEMENTS (KOHA)
Source of classification or shelving scheme Dewey Decimal Classification
Koha item type Books
Holdings
Withdrawn status Lost status Source of classification or shelving scheme Damaged status Home library Current library Shelving location Date acquired Source of acquisition Sub Shelving location Total Checkouts Full call number Barcode Date last seen Price effective from Koha item type
    Dewey Decimal Classification   Munich Library Munich Library Fiction Section 11/12/2024 Library Fund     FIC M398 2001 M8654 11/12/2024 11/12/2024 Books

The legend of sleepy hollow

APA

Mason J., . (2001). The legend of sleepy hollow. New York: Scholastic Inc.

Chicago

Mason Jane, . 2001. The legend of sleepy hollow. New York: Scholastic Inc.

Harvard

Mason J., . (2001). The legend of sleepy hollow. New York: Scholastic Inc.

MLA

Mason Jane, . The legend of sleepy hollow. New York: Scholastic Inc. 2001.

  • Place hold
  • Print
  • Cite
  • Add to your cart (remove)
  • Save record
    BIBTEX Dublin Core MARCXML MARC (non-Unicode/MARC-8) MARC (Unicode/UTF-8) MARC (Unicode/UTF-8, Standard) MODS (XML) RIS
  • More searches
    Search for this title in:
    Other Libraries (WorldCat) Other Databases (Google Scholar) Online Stores (Bookfinder.com) Open Library (openlibrary.org)

Exporting to Dublin Core...

SOUTHVILLE LIBRARY

Southville International School and Colleges Library

1281 Tropical Ave. Cor. Luxembourg St., BF Homes International, Las Pinas City

Tel. No. 8256374 / 252358 Loc. 117/146

Powered by Koha